Smartest Countries - Statistics

General Stats
  • This quiz has been taken 96 times
  • The average score is 19 of 28
Answer Stats
IQ Answer % Correct
97.43 United States
95%
106.48 Japan
94%
99.12 United Kingdom
92%
104.1 China
91%
100.74 Germany
87%
102.35 South Korea
86%
99.52 Canada
85%
97 Sweden
85%
99.24 Australia
84%
101.2 Finland
83%
97.13 Norway
79%
97.83 Denmark
74%
100.74 Netherlands
74%
98.57 New Zealand
73%
105.89 Singapore
72%
97.49 Belgium
69%
106.47 Taiwan
69%
99.24 Switzerland
67%
98.26 Iceland
65%
98.38 Austria
63%
100.72 Estonia
56%
99.87 Luxembourg
56%
98.82 North Korea
47%
101.07 Liechtenstein
45%
98.6 Slovenia
38%
99.24 Hungary
37%
101.6 Belarus
27%
99.75 Cambodia
17%
No matching quizzes found
Score Distribution
Percent of People with Each Score
Percentile by Number Answered
Your Score History
You have not taken this quiz